logo

Bir Sreshtho Munshi Abdur Rouf Library
Jhenaidah Cadet College

The collected plays of W. Somerset Maugham / (Record no. 7285)

MARC details
000 -LEADER
fixed length control field 00635cam a2200241 a 4500
001 - CONTROL NUMBER
JCCL Control Number 7285
003 - CONTROL NUMBER IDENTIFIER
JCCL marc code BD-JhCC
005 - DATE AND TIME OF LATEST TRANSACTION
control field 20180225171253.0
008 - FIXED-LENGTH DATA ELEMENTS--GENERAL INFORMATION
fixed length control field 811123s1931 enk 00000 eng d
035 ## - SYSTEM CONTROL NUMBER
system control number (BD-JhCC)
035 ## - SYSTEM CONTROL NUMBER
system control number 955083
040 ## - CATALOGING SOURCE
Original cataloging agency ANL
Modifying agency BVXJ
041 ## - LANGUAGE CODE
Language code of Book eng
082 04 - DEWEY DECIMAL CLASSIFICATION NUMBER
Classification number 822.912
DDC Edition number 21
Author mark and Year MAG 1966
100 1# - MAIN ENTRY--PERSONAL NAME
Personal name Maugham, W. Somerset
Fuller form of name (William Somerset),
Dates associated with a name 1874-1965.
240 10 - UNIFORM TITLE
Uniform title Plays /
245 14 - TITLE STATEMENT
Title The collected plays of W. Somerset Maugham /
Statement of responsibility, etc W. Somerset Maugham
260 ## - PUBLICATION, DISTRIBUTION, ETC. (IMPRINT)
Place of publication, distribution, etc London :
Name of publisher, distributor, etc Heinemann,
Date of publication, distribution, etc 1931.
300 ## - PHYSICAL DESCRIPTION
Pagination 620p. :
Dimensions 20 cm.
650 ## - SUBJECT ADDED ENTRY--TOPICAL TERM
Topical term or geographic name as entry element English Drama
942 ## - ADDED ENTRY ELEMENTS (KOHA)
Source of classification or shelving scheme Dewey Decimal Classification
Koha item type Books
Holdings
Source of classification or shelving scheme Damaged status Not for loan Home library Current library Shelving location Date of accession Total Checkouts Full call number Barcode Date last seen Copy number Koha item type
Dewey Decimal Classification     JCC Rouf Library JCC Rouf Library General Stacks 02/07/2018   822.912 MAU 1966 8904 02/07/2018 C - 1 Books

JCC Library | Contacts | JCC Home

Last Update on 23 September 2017
Copyright @ 2017-2020 JCC Rouf Library
Rouf Library, Jhenidah Cadet College (JCC), Bangladesh